| 000 | 01188nam a22002057a 4500 | ||
|---|---|---|---|
| 999 |
_c62054 _d62054 |
||
| 003 | Ge_BSU | ||
| 005 | 20240627164956.0 | ||
| 008 | 240627s1996 ge ||||| |||| 00| 0 geo d | ||
| 041 | _ageo | ||
| 080 | _a612.821(075.8)+159.943 ნ-24 | ||
| 100 |
_aნანეიშვილი, თ., ავტ. _922618 |
||
| 245 |
_aქცევის ფსიქოფიზიოლოგია : _b[სახელმძღვ.] / _cთ.ნანეიშვილი, რედ. თ. ონიანი |
||
| 264 |
_aთბილისი : _bმეგობარი, _c1996. |
||
| 300 |
_a479 გვ. ; _b20 სმ. |
||
| 653 | _aქცევის ფსიქოფიზიოლოგია | ||
| 653 | _aწიგნში გაშუქებულია ადამიანისა და ცხოველთა ქცევის განმსაზღვრელი ცენტრალური მექანიზმების კვლევის თანამედროვე მეთოდოლოგია. | ||
| 653 | _aმედიცინა | ||
| 700 |
_aონიანი, თ _eრედაქტორი _912703 |
||
| 942 |
_2udc _cᲬᲘᲒᲜᲘ |
||